Propagace

Na minha lista:
Detalhes bibliográficos
Autor principal: Bártová, Hilda
Formato: Livro
Idioma:tcheco
Publicado em: Praha Vysoká škola ekonomická 1982
Tags: Adicionar Tag
Sem tags, seja o primeiro a adicionar uma tag!

MARC

LEADER 00000nam a2200000 4500
001 c111649
005 20061208110253.0
041 0 |a cze 
044 |a CZ 
245 1 0 |a Propagace  |c Hilda Bártová 
264 1 |a Praha  |b Vysoká škola ekonomická  |c 1982 
300 |a 63 s. 
100 1 |a Bártová, Hilda